<?xml version="1.0" encoding="UTF-8"?><?xml-stylesheet type="text/xsl" href="static/style.xsl"?><OAI-PMH xmlns="http://www.openarchives.org/OAI/2.0/" xmlns:xsi="http://www.w3.org/2001/XMLSchema-instance" xsi:schemaLocation="http://www.openarchives.org/OAI/2.0/ http://www.openarchives.org/OAI/2.0/OAI-PMH.xsd"><responseDate>2026-06-29T02:48:54Z</responseDate><request verb="GetRecord" identifier="oai:docta.ucm.es:20.500.14352/125651" metadataPrefix="marc">https://docta.ucm.es/rest/oai/request</request><GetRecord><record><header><identifier>oai:docta.ucm.es:20.500.14352/125651</identifier><datestamp>2025-11-04T00:51:31Z</datestamp><setSpec>com_20.500.14352_1</setSpec><setSpec>col_20.500.14352_8</setSpec></header><metadata><record xmlns="http://www.loc.gov/MARC21/slim" xmlns:dcterms="http://purl.org/dc/terms/" xmlns:xsi="http://www.w3.org/2001/XMLSchema-instance" xmlns:doc="http://www.lyncode.com/xoai" xsi:schemaLocation="http://www.loc.gov/MARC21/slim http://www.loc.gov/standards/marcxml/schema/MARC21slim.xsd">
   <leader>00925njm 22002777a 4500</leader>
   <datafield ind2=" " ind1=" " tag="042">
      <subfield code="a">dc</subfield>
   </datafield>
   <datafield ind2=" " ind1=" " tag="720">
      <subfield code="a">Padilla Pérez, Mario</subfield>
      <subfield code="e">author</subfield>
   </datafield>
   <datafield ind2=" " ind1=" " tag="260">
      <subfield code="c">2025</subfield>
   </datafield>
   <datafield ind2=" " ind1=" " tag="520">
      <subfield code="a">Este trabajo aborda la clasificación de cantos de aves mediante técnicas de aprendizaje automático usando redes neuronales convolucionales (CNN) aplicadas a representaciones espectrales del sonido en forma de espectrogramas de Mel. Debido a la escasez de datos, se recurre al aprendizaje por transferencia (Transfer-learning) para el entrenamiento de las arquitecturas. La arquitectura del clasificador se ha determinado mediante técnicas de búsqueda evolutiva; en concreto, a través de un algoritmo genético diseñado para optimizar el rendimiento de la red. Como parte del proceso, se ha construido una base de datos desde cero, implementando técnicas de curado como aumentación y filtrado de datos. Finalmente, se desplegaron tres de los modelos finales en un sistema embebido (NVIDIA Jetson Nano), donde se evaluó su rendimiento como estudio preliminar de la viabilidad previo al despliegue final.</subfield>
   </datafield>
   <datafield ind2=" " ind1=" " tag="520">
      <subfield code="a">This study addresses the bird sound classification topic using machine learning techniques, specifically convolutional neural networks (CNN) applied to spectral representations of the sound in the form of Mel spectrograms. Due to data scarcity, transfer learning is employed to train the architectures. The classifier architecture was determined using evolutionary search techniques, specifically a genetic algorithm designed to optimize network performance. As part of the process, a database was built from scratch, incorporating data curation techniques such as augmentation and noise filtering. Finally, three of the final models were deployed on an embedded platform (NVIDIA Jetson Nano), where their performance was evaluated as a preliminary assessment of feasibility for the final deployment.</subfield>
   </datafield>
   <datafield ind1="8" ind2=" " tag="024">
      <subfield code="a">https://hdl.handle.net/20.500.14352/125651</subfield>
   </datafield>
   <datafield ind2="0" ind1="0" tag="245">
      <subfield code="a">Desarrollo de proyectos de IoT que implementen ML/IA en sistemas empotrados</subfield>
   </datafield>
   <datafield ind2="0" ind1="0" tag="245">
      <subfield code="a">Development of IoT Projects Implementing ML/AI in Embedded Systems</subfield>
   </datafield>
</record></metadata></record></GetRecord></OAI-PMH>